|
|
|
|
| LEADER |
00767nab a2200229 i 4500 |
| 001 |
acta23421 |
| 005 |
20220503153056.0 |
| 008 |
161017s1950 hu o 0|| eng d |
| 022 |
|
|
|a 0324-6612
|
| 040 |
|
|
|a SZTE Egyetemi Kiadványok Repozitórium
|b hun
|
| 041 |
|
|
|a eng
|
| 100 |
1 |
|
|a Szalay László
|
| 245 |
1 |
3 |
|a On the structure of gelatine
|h [elektronikus dokumentum] /
|c Szalay László
|
| 260 |
|
|
|c 1950
|
| 300 |
|
|
|a 262-266
|
| 490 |
0 |
|
|a Acta chemica et physica
|v 2 No. 6
|
| 650 |
|
4 |
|a Természettudományok
|
| 650 |
|
4 |
|a Fizikai tudományok
|
| 650 |
|
4 |
|a Kémiai tudományok
|
| 695 |
|
|
|a Kísérleti fizika - festékanyag, Kémia
|
| 700 |
0 |
1 |
|a Grasselly J.
|e aut
|
| 856 |
4 |
0 |
|u http://acta.bibl.u-szeged.hu/23421/1/chem_phys_002_fasc_006_262-266.pdf
|z Dokumentum-elérés
|